| Tag |
First Indicator |
Second Indicator |
Subfields |
| LEADER |
00000nam a2200000 i 4500 |
| 001 |
in00004596821 |
| 003 |
OCoLC |
| 005 |
20220606141935.5 |
| 006 |
m o d |
| 007 |
cr ||||||||||| |
| 008 |
220217t20222022nyu obf 001 0 eng |
| 010 |
|
|
|a 2021055688
|
| 024 |
8 |
|
|a 40031329015
|
| 040 |
|
|
|a DLC
|b eng
|e rda
|c DLC
|d YDX
|d OCLCF
|d TYFRS
|d DLC
|
| 020 |
|
|
|a 9781003161868
|q (eBook)
|
| 020 |
|
|
|a 1003161863
|
| 020 |
|
|
|z 9780367752873
|q (Hardback)
|
| 020 |
|
|
|z 9780367752897
|q (Paperback)
|
| 020 |
|
|
|a 9781000579789
|q (electronic bk. : PDF)
|
| 020 |
|
|
|a 1000579786
|q (electronic bk. : PDF)
|
| 020 |
|
|
|a 9781000579796
|q (electronic bk. : EPUB)
|
| 020 |
|
|
|a 1000579794
|q (electronic bk. : EPUB)
|
| 035 |
|
|
|a (OCoLC)1302331929
|
| 037 |
|
|
|a 9781003161868
|b Taylor & Francis
|
| 042 |
|
|
|a pcc
|
| 050 |
|
4 |
|a G156.5.P79
|b R68 2022
|
| 072 |
|
7 |
|a BUS
|x 081000
|2 bisacsh
|
| 072 |
|
7 |
|a JMH
|2 bicssc
|
| 082 |
0 |
0 |
|a 306.4/819
|2 23/eng20220301
|
| 245 |
0 |
0 |
|a Routledge handbook of social psychology of tourism /
|c edited by Dogan Gursoy and Sedat Çelik.
|
| 246 |
3 |
|
|a Handbook of social psychology of tourism
|
| 264 |
|
1 |
|a New York :
|b Routledge,
|c 2022.
|
| 300 |
|
|
|a 1 online resource.
|
| 336 |
|
|
|a text
|b txt
|2 rdacontent
|
| 337 |
|
|
|a computer
|b c
|2 rdamedia
|
| 338 |
|
|
|a online resource
|b cr
|2 rdacarrier
|
| 504 |
|
|
|a Includes bibliographical references and index.
|
| 588 |
|
|
|a Description based on print version record and CIP data provided by publisher.
|
| 650 |
|
0 |
|a Tourism
|x Psychological aspects.
|
| 650 |
|
0 |
|a Hospitality industry
|x Psychological aspects.
|
| 650 |
|
0 |
|a Social psychology.
|
| 650 |
|
2 |
|a Psychology, Social
|
| 650 |
|
6 |
|a Accueil (Tourisme)
|x Aspect psychologique.
|
| 650 |
|
6 |
|a Psychologie sociale.
|
| 650 |
|
7 |
|a social psychology.
|2 aat
|
| 650 |
|
7 |
|a BUSINESS & ECONOMICS / Industries / Hospitality, Travel & Tourism
|2 bisacsh
|
| 650 |
|
7 |
|a Social psychology.
|2 fast
|0 (OCoLC)fst01122816
|
| 650 |
|
7 |
|a Tourism
|x Psychological aspects.
|2 fast
|0 (OCoLC)fst01153189
|
| 655 |
|
7 |
|a Electronic books.
|2 local
|
| 700 |
1 |
|
|a Gursoy, Dogan,
|e editor.
|
| 710 |
2 |
|
|a Taylor & Francis
|
| 776 |
1 |
8 |
|i Print version:
|t Routledge handbook of social psychology of tourism
|d New York : Routledge, 2022
|z 9780367752873
|w (DLC) 2021055687
|
| 856 |
4 |
0 |
|u http://proxy.library.tamu.edu/login?url=https://www.taylorfrancis.com/books/9781003161868
|z Connect to the full text of this electronic book
|t 0
|
| 945 |
|
|
|b 448466
|
| 955 |
|
|
|a YBP purchased approval e-records
|
| 980 |
|
|
|b ebook
|c 40031329015
|f NONFIC/B
|g 565751
|k USD
|m 275.00
|q 1
|s AcqMono Conventional
|t Approval plan
|u Vendor order reference number
|v ZYBP
|y E-approvals
|z Electronic resource
|
| 999 |
f |
f |
|i 9504d86c-ad0c-465d-b78e-c4b7bbce6680
|s 0866b369-f3d7-432f-b1d4-d06b97e254af
|t 0
|
| 952 |
f |
f |
|a Texas A&M University
|b College Station
|c Electronic Resources
|s www_evans
|d Available Online
|t 0
|e G156.5.P79 R68 2022
|h Library of Congress classification
|